| 000 | 03705nam a2201261 4500 | ||
|---|---|---|---|
| 003 | PE-LiUPU | ||
| 005 | 20250813185436.0 | ||
| 008 | 210813n 000 0 eng u | ||
| 020 | _a | ||
| 035 | _a(Sirsi) a252871 | ||
| 082 | 0 | 4 |
_a353.794 _bBC 20 |
| 245 | 0 | 0 |
_aEstudio geotécnico de futuras áreas de expansión urbana entre Lima y Cañete / _cAntonio Guzmán M.. [et al.]. |
| 250 | _aPrimera edición. | ||
| 264 |
_aLima : _bINGEMMET, _c1998. |
||
| 300 |
_a101, [159] páginas : _bilustrado, mapas ; _c29 centímetros. |
||
| 490 | 0 |
_aBoletín ; 20. _pSerie C: geodinámica e ingeniería geológica |
|
| 504 | _aBibliografía: p. 99-100. | ||
| 526 | _aP202 | ||
| 526 | _aP201 | ||
| 526 | _aP163 | ||
| 526 | _aP162 | ||
| 526 | _aP161 | ||
| 526 | _aP160 | ||
| 526 | _aP148 | ||
| 526 | _aP147 | ||
| 526 | _aP146 | ||
| 526 | _aP145 | ||
| 526 | _aP144 | ||
| 526 | _aP143 | ||
| 526 | _aP142 | ||
| 526 | _aP141 | ||
| 526 | _aP140 | ||
| 526 | _aP139 | ||
| 526 | _aP138 | ||
| 526 | _aP137 | ||
| 526 | _aP136 | ||
| 526 | _aP135 | ||
| 526 | _aP134 | ||
| 526 | _aP133 | ||
| 526 | _aP129 | ||
| 526 | _aP128 | ||
| 526 | _aP127 | ||
| 526 | _aP120 | ||
| 526 | _aP119 | ||
| 526 | _aP118 | ||
| 526 | _aP116 | ||
| 526 | _aP115 | ||
| 526 | _aP114 | ||
| 526 | _aP110 | ||
| 526 | _aP109 | ||
| 526 | _aP108 | ||
| 526 | _aP104 | ||
| 526 | _aP103 | ||
| 526 | _aP102 | ||
| 526 | _aP99 | ||
| 526 | _aP98 | ||
| 526 | _aP97 | ||
| 526 | _aP96 | ||
| 526 | _aP95 | ||
| 526 | _aP93 | ||
| 526 | _aP90 | ||
| 526 | _aP89 | ||
| 526 | _aP88 | ||
| 526 | _aP83 | ||
| 526 | _aP82 | ||
| 526 | _aP62 | ||
| 526 | _aP59 | ||
| 526 | _aP58 | ||
| 526 | _aP57 | ||
| 526 | _aP51 | ||
| 526 | _aP49 | ||
| 526 | _aP48 | ||
| 526 | _aP47 | ||
| 526 | _aP29 | ||
| 526 | _aP24 | ||
| 526 | _aP20 | ||
| 526 | _aP19 | ||
| 526 | _aP17 | ||
| 526 | _aP15 | ||
| 526 | _aP14 | ||
| 526 | _aP12 | ||
| 526 | _aP10 | ||
| 526 | _aP09 | ||
| 526 | _aP08 | ||
| 526 | _aP07 | ||
| 526 | _aP06 | ||
| 526 | _aP05 | ||
| 526 | _aP04 | ||
| 526 | _aP01 | ||
| 650 | 0 | 4 |
_aGeodinámica _zPerú _zLima. |
| 650 | 0 | 4 |
_aGeodinámica _zPerú _zCañete (Lima). |
| 650 | 0 | 4 |
_aIngeniería geológica _zPerú - Lima. |
| 650 | 0 | 4 |
_aIngeniería geológico _zPerú - Cañete (Lima). |
| 700 | 1 | _aGuzmán Martínez, Antonio. | |
| 710 | 2 | _aInstituto Geológico, Minero y Metalúrgico (Perú). | |
| 598 | _aCATALOGING | ||
| 596 | _a1 | ||
| 856 | 4 | _u https://hdl.handle.net/20.500.12544/241 | |
| 942 |
_2ddc _cBOOK |
||
| 949 |
_a353.794 _bBC 20 _wDEWEY _c1 _i70875 _mBC _p15.00 _r0 _sY _tLIBRO _u2021-04-20 _xFIA _zIngeniería civil _oSTAFF. Colección General |
||
| 949 |
_a353.794 _bBC 20 e2 _wDEWEY _c1 _i70876 _mBC _p15.00 _r0 _sY _tLIBRO _u2021-04-20 _xFIA _zIngeniería civil _oSTAFF. Colección General |
||
| 949 |
_a353.794 _bBC 20 e3 _wDEWEY _c1 _i70877 _mBC _p15.00 _r0 _sY _tLIBRO _u2021-04-20 _xFIA _zIngeniería civil _oSTAFF. Colección General |
||
| 949 |
_a353.794 _bBC 20 e4 _wDEWEY _c1 _i70875 _mBC _p15.00 _r0 _sY _tLIBRO _u2021-04-20 _xFIA _zIngeniería civil _oSTAFF. Colección General |
||
| 999 |
_a353.794 BC 20 _wDEWEY _c32068 _i70875 _f2022-6-8 _g1 _lCCODEBUL1 _mBUL _p15.00 _r0 _sY _tBOOK _u2021-8-13 _xINGENIERIA _zP25 _0DONACION _d32068 |
||
| 999 |
_a353.794 BC 20 _wDEWEY _c2 _i70876 _f2022-6-8 _g1 _lCCODEBUL1 _mBUL _p15.00 _r0 _sY _tBOOK _u2021-8-13 _xINGENIERIA _zP25 _0DONACION |
||
| 999 |
_a353.794 BC 20 _wDEWEY _c3 _i70877 _f2022-6-8 _g1 _lCCODEBUL1 _mBUL _p15.00 _r0 _sY _tBOOK _u2021-8-13 _xINGENIERIA _zP25 _0DONACION |
||
| 999 |
_a353.794 BC 20 _wDEWEY _c4 _i70878 _f2022-6-8 _g1 _lCCODEBUL1 _mBUL _p15.00 _r0 _sY _tBOOK _u2021-8-13 _xINGENIERIA _zP25 _0DONACION |
||
| 980 |
_81 _gALBERTO SANCHEZ Responsable de Automatización |
||